Canya al foc : peça teatral per a nens peça teatral per a nens
Publicado:
Barcelona :
Diputació de Barcelona. Oficina Tècnica Municipal de Prevenció d'Incendis Forestals ,
2007
Descripción Física:
1 disc òptic (CD-ROM) ; 12 cm
Materias:
Incendis forestals -- Catalunya
MARC
| LEADER | 00000nam a2200000Ia 4500 | ||
|---|---|---|---|
| 001 | 23766 | ||
| 008 | 160829s2007 xx 000 0 cat d | ||
| 080 | |a CD-1-221 | ||
| 100 | |a Martínez Ruiz, Enrique |9 43093 | ||
| 245 | |a Canya al foc : |b peça teatral per a nens | ||
| 260 | |a Barcelona : |b Diputació de Barcelona. Oficina Tècnica Municipal de Prevenció d'Incendis Forestals, |c 2007 | ||
| 300 | |a 1 disc òptic (CD-ROM) ; |c 12 cm | ||
| 590 | |a El CD inclou fitxers en pdf. | ||
| 590 | |a Programari: Adobe Reader | ||
| 650 | 0 | |a Incendis forestals |x Catalunya |9 30778 | |
| 710 | |a Barcelona (Catalunya : Província). |b Oficina Tècnica de Prevenció Municipal d'Incendis Forestals |9 9456 | ||
| 901 | |a Arxiu | ||
| 942 | |n 1 | ||
| 952 | |0 0 |1 0 |4 0 |6 CD1221 |7 1 |9 55387 |a Arxiu |b Arxiu |d 2016-12-01 |l 0 |o CD-1-221 |p 23766 |r 2016-12-01 00:00:00 |w 2016-12-01 |y ARXIU | ||
| 999 | |c 59260 |d 59260 | ||